Microbial Metabolism of Xenobiotic Compounds

Xenobiotic compounds including pesticides, nitrophenols, pyridine, polycyclic aromatic compounds and polychlorinated biphenyls are widely spread in environment due to anthropogenic activities. Most of them are highly toxic to living beings due to their mutagenic and carcinogenic properties. Therefor...

Πλήρης περιγραφή

Λεπτομέρειες βιβλιογραφικής εγγραφής
Συγγραφή απο Οργανισμό/Αρχή: SpringerLink (Online service)
Άλλοι συγγραφείς: Arora, Pankaj Kumar (Επιμελητής έκδοσης, http://id.loc.gov/vocabulary/relators/edt)
Μορφή: Ηλεκτρονική πηγή Ηλ. βιβλίο
Γλώσσα:English
Έκδοση: Singapore : Springer Singapore : Imprint: Springer, 2019.
Έκδοση:1st ed. 2019.
Σειρά:Microorganisms for Sustainability, 10
Θέματα:
Διαθέσιμο Online:Full Text via HEAL-Link
LEADER 04470nam a2200577 4500
001 978-981-13-7462-3
003 DE-He213
005 20191028223155.0
007 cr nn 008mamaa
008 190627s2019 si | s |||| 0|eng d
020 |a 9789811374623  |9 978-981-13-7462-3 
024 7 |a 10.1007/978-981-13-7462-3  |2 doi 
040 |d GrThAP 
050 4 |a TA170-171 
050 4 |a TD195.B58 
072 7 |a TQ  |2 bicssc 
072 7 |a TEC010000  |2 bisacsh 
072 7 |a TQ  |2 thema 
072 7 |a TCB  |2 thema 
082 0 4 |a 660.6  |2 23 
082 0 4 |a 628  |2 23 
245 1 0 |a Microbial Metabolism of Xenobiotic Compounds  |h [electronic resource] /  |c edited by Pankaj Kumar Arora. 
250 |a 1st ed. 2019. 
264 1 |a Singapore :  |b Springer Singapore :  |b Imprint: Springer,  |c 2019. 
300 |a XIII, 357 p. 54 illus., 21 illus. in color.  |b online resource. 
336 |a text  |b txt  |2 rdacontent 
337 |a computer  |b c  |2 rdamedia 
338 |a online resource  |b cr  |2 rdacarrier 
347 |a text file  |b PDF  |2 rda 
490 1 |a Microorganisms for Sustainability,  |x 2512-1901 ;  |v 10 
505 0 |a Microbial Degradation of Pyridine and Pyridine Derivatives -- Anaerobic Biodegradation of Pesticides -- DNA Stable Isotope Probing to Examine Organisms Involved in Biodegradation -- Enzymatic Bioremediation: Current Status, Challenges of Obtaining Process, and Applications -- Biotransformation of Heavy Crude Oil and Biodegradation of Oil Pollution by Arid Zone Bacterial Strains -- Catalytic Promiscuity of Aromatic Ring-Hydroxylating Dioxygenases and Their Role in the Plasticity of Xenobiotic Compound Degradation -- Aromatic Compounds and Biofilms: Regulation and Interlinking of Metabolic Pathways in Bacteria -- Polychlorinated Biphenyls (PCBs): Environmental Fate, Challenges and Bioremediation -- Bioremediation of Polycyclic Aromatic Hydrocarbons (PAHs): Current Practices and Outlook -- Microbes Are Essential Components of Arsenic Cycling in the Environment: Implications for the Use of Microbes in Arsenic Remediation -- Biodegradation of Synthetic Pyrethroid Insecticides -- Microbial Degradation of Polyethylene: Recent Progress and Challenges -- Biodegradation of Polychlorinated Biphenyls -- Role of Macrofungi in Bioremediation of Pollutants -- Microemulsions as a Novel Tool for Enhancing the Bioremediation of Xenobiotics -- An Overview of Nitro Group-Containing Compounds and Herbicides Degradation in Microorganisms -- Distillery Effluent: Pollution Profile, Eco-friendly Treatment Strategies, Challenges and Future Prospects. 
520 |a Xenobiotic compounds including pesticides, nitrophenols, pyridine, polycyclic aromatic compounds and polychlorinated biphenyls are widely spread in environment due to anthropogenic activities. Most of them are highly toxic to living beings due to their mutagenic and carcinogenic properties. Therefore, the removal of these compounds from environment is an essential step for environmental sustainability. Microbial remediation has emerged as an effective technology for degradation of these xenobiotic compounds as microorganisms have unique ability to utilize these compounds as their sole source of carbon and energy. The primary goal of this book is to provide detailed information of microbial degradation of many xenobiotic compounds in various microorganisms. 
650 0 |a Environmental engineering. 
650 0 |a Biotechnology. 
650 0 |a Sustainable development. 
650 0 |a Metabolism. 
650 0 |a Microbiology. 
650 1 4 |a Environmental Engineering/Biotechnology.  |0 http://scigraph.springernature.com/things/product-market-codes/U33000 
650 2 4 |a Sustainable Development.  |0 http://scigraph.springernature.com/things/product-market-codes/U34000 
650 2 4 |a Metabolomics.  |0 http://scigraph.springernature.com/things/product-market-codes/L15030 
650 2 4 |a Microbiology.  |0 http://scigraph.springernature.com/things/product-market-codes/L23004 
700 1 |a Arora, Pankaj Kumar.  |e editor.  |4 edt  |4 http://id.loc.gov/vocabulary/relators/edt 
710 2 |a SpringerLink (Online service) 
773 0 |t Springer eBooks 
776 0 8 |i Printed edition:  |z 9789811374616 
776 0 8 |i Printed edition:  |z 9789811374630 
776 0 8 |i Printed edition:  |z 9789811374647 
830 0 |a Microorganisms for Sustainability,  |x 2512-1901 ;  |v 10 
856 4 0 |u https://doi.org/10.1007/978-981-13-7462-3  |z Full Text via HEAL-Link 
912 |a ZDB-2-SBL 
950 |a Biomedical and Life Sciences (Springer-11642)